000 00515nam a2200181Ia 4500
003 GCL
008 140319s9999 xx 000 0 ara d
040 _aGCL /
_cGCL
082 0 4 _a250
_bذ ك
245 1 0 _aالكبائر
260 _aالقاهرة :
_bمكتبة التوفيقية
300 _a184 ص ؛
_c24 سم
490 _a
650 0 4 _aالشريعة الاسلامية
650 0 4 _aالفقه الاسلامى
650 0 4 _aالكبائر ( الشريعة الاسلامية )
942 _2ddc
_cBK
999 _c51643
_d51643